[Event "Lippe Cup 01st"]
[Site "Lieme"]
[Date "2004.10.23"]
[Round "2"]
[White "Koesling, Dieter"]
[Black "Schwarzkopp, Franz"]
[Result "0-1"]
[WhiteElo "1416"]
[BlackElo "1750"]
[PlyCount "62"]
[EventDate "2004.10.22"]
[EventType "swiss"]
[EventRounds "5"]
[EventCountry "GER"]
[SourceTitle "EXT 2012"]
[Source "ChessBase"]
[SourceDate "2011.11.24"]
[SourceVersion "1"]
[SourceVersionDate "2011.11.24"]
[SourceQuality "1"]

1. e4 d5 2. exd5 Nf6 3. d4 Bg4 4. Be2 Bxe2 5. Nxe2 Qxd5 6. 0-0 e6 7. Nbc3 Qh5 8. Nf4 Qxd1 9. Rxd1 c6 10. Be3 Nbd7 11. f3 Nb6 12. b3 Be7 13. Ne4 Nbd5 14. Kf2 Nxe4+ 15. fxe4 Nc3 16. Rd3 Nxe4+ 17. Kf3 Nf6 18. c4 h5 19. h3 0-0-0 20. Rad1 Nd7 21. Ne2 Bf6 22. Ng3 Be7 23. Ke2 h4 24. Ne4 f5 25. Ng5 Bxg5 26. Bxg5 Rde8 27. Kf2 e5 28. d5 Nc5 29. Re3 Ne4+ 30. Rxe4 fxe4 31. Ke3 Rh5 0-1